IVE Alphabet Song - Statistics

General Stats
  • This quiz has been taken 86 times
    32 since last reset
  • The average score is 16 of 19
Answer Stats
Hint Answer % Correct
A After like / All night / Accendio / ATTITUDE
100%
E ELEVEN / Either way
100%
L Lips / LOVE DIVE
100%
B Blue blood / Baddie / Blue heart
96%
H Heroine / Hypnosis / Holy moly / HEYA
96%
R ROYAL / RESET / Rebel heart
96%
I I AM / I WANT / Ice queen
92%
K Kitsch
92%
O Off the record / OTT
92%
S Shine with me / SUMMER FESTA / Supernova love
88%
M Mine / My satisfaction
84%
C Cherish / Classic / CRUSH
80%
W WAVE / Will / WOW
76%
N NOT YOUR GIRL / Next page
72%
P Payback
72%
T Take it / Thank u / TKO
72%
F FLU
68%
Y You wanna cry
60%
D Dare me
56%
No matching quizzes found
Score Distribution
Percent of People with Each Score
Percentile by Number Answered
Your Score History
You have not taken this quiz since the last reset